<?xml version="1.0" encoding="UTF-8"?>
<record
    xmlns:xsi="http://www.w3.org/2001/XMLSchema-instance"
    xsi:schemaLocation="http://www.loc.gov/MARC21/slim http://www.loc.gov/standards/marcxml/schema/MARC21slim.xsd"
    xmlns="http://www.loc.gov/MARC21/slim">

  <leader>01420nab a2200241uuc4500</leader>
  <controlfield tag="001">1259380</controlfield>
  <controlfield tag="005">20240202103705.0</controlfield>
  <controlfield tag="008">111011m01uu2011                    spa  </controlfield>
  <datafield tag="035" ind1=" " ind2=" ">
    <subfield code="a">1259380</subfield>
  </datafield>
  <datafield tag="035" ind1=" " ind2=" ">
    <subfield code="a">(OCoLC)820607195</subfield>
  </datafield>
  <datafield tag="040" ind1=" " ind2=" ">
    <subfield code="c">comduadb</subfield>
  </datafield>
  <datafield tag="041" ind1=" " ind2=" ">
    <subfield code="a">spa</subfield>
  </datafield>
  <datafield tag="100" ind1="1" ind2="0">
    <subfield code="a">Mendoza Moheno, Jessica</subfield>
    <subfield code="4">aut</subfield>
    <subfield code="e">aut</subfield>
    <subfield code="9">624661</subfield>
  </datafield>
  <datafield tag="245" ind1="1" ind2="0">
    <subfield code="a">Retos y oportunidades de la investigaci&#xF3;n en el marketing interno</subfield>
  </datafield>
  <datafield tag="520" ind1="3" ind2=" ">
    <subfield code="a">El objetivo de este ensayo es realizar un an&#xE1;lisis de la concepci&#xF3;n del marketing interno y las principales investigaciones aplicadas, con el fin de resaltar las oportunidades y retos que enfrenta, para lo cual, se hace una revisi&#xF3;n de la literatura del tema en relaci&#xF3;n con la conceptualizaci&#xF3;n, se analiza la orientaci&#xF3;n al cliente interno como elemento central del marketing interno, diferenciandola con la orientaci&#xF3;n al mercado. As&#xED; mismo se destacan los principales hallazgos sobre las investigaciones aplicadas. Finalmente, se describen retos y oportunidades del marketing interno.</subfield>
  </datafield>
  <datafield tag="650" ind1=" " ind2="7">
    <subfield code="a">Mercadeo</subfield>
    <subfield code="2">lemb</subfield>
    <subfield code="9">1171</subfield>
  </datafield>
  <datafield tag="650" ind1=" " ind2=" ">
    <subfield code="a">Cliente interno</subfield>
    <subfield code="9">110957</subfield>
  </datafield>
  <datafield tag="650" ind1=" " ind2=" ">
    <subfield code="a">Orientaci&#xF3;n</subfield>
    <subfield code="9">176286</subfield>
  </datafield>
  <datafield tag="700" ind1="1" ind2="0">
    <subfield code="a">Hernandez Calzada, Martin A</subfield>
    <subfield code="4">aut</subfield>
    <subfield code="e">aut</subfield>
    <subfield code="9">624662</subfield>
  </datafield>
  <datafield tag="700" ind1="1" ind2="0">
    <subfield code="a">Tabernero Urbieta, Carmen</subfield>
    <subfield code="4">aut</subfield>
    <subfield code="e">aut</subfield>
    <subfield code="9">624664</subfield>
  </datafield>
  <datafield tag="773" ind1="0" ind2=" ">
    <subfield code="t">Revista de Ciencias Sociales (Maracaibo)</subfield>
    <subfield code="g">Volumen 17, N&#xFA;mero 01, Enero-Marzo de 2011, p. 110-125</subfield>
    <subfield code="w">534575</subfield>
    <subfield code="x">1315-9518</subfield>
    <subfield code="0">126858</subfield>
  </datafield>
  <datafield tag="942" ind1=" " ind2=" ">
    <subfield code="c">ARIMP</subfield>
  </datafield>
  <datafield tag="999" ind1=" " ind2=" ">
    <subfield code="c">602779</subfield>
    <subfield code="d">602779</subfield>
  </datafield>
</record>
